Najdłuższe granicę państw w Azji - Statystyki

Ogólne statystyki
  • Ten quiz został rozwiązany 249 razy
  • Średni wynik to 13 z 14
Statystyki odpowiedzi
km Państwo % Poprawnych
4 677 Chiny
100%
4 250 Chiny
100%
3 380 Chiny
100%
Rosja
98%
Rosja
98%
Rosja
98%
Indie
96%
Indie
96%
2 912 Indie
96%
6 846 Kazachstan
96%
Mongolia
94%
3 485 Mongolia
94%
Pakistan
90%
4 053 Bangladesz
77%
Nie znaleziono quizów pasujących do podanych kryteriów
Rozkład punktacji
Procent ludzi z każdym wynikiem
Percentyl według liczby udzielonych odpowiedzi
Twoja historia wyników
Nie rozwiązałeś tego quizu